CCC Céphalées - Statistiques

Statistiques générales
  • Ce quiz a été pris 4 fois
  • Le résultat moyen est 6 sur 15
Statistiques - réponses
Hint Réponse % Correct
Céphalées secondaires HTIC
75%
Céphalées primaires Migraine
75%
Céphalées primaires Céphalées tension
50%
Céphalées secondaires Méningite
50%
Céphalées secondaires Méningite rhumatoïde
50%
Céphalées primaires Névralgie Arnold
50%
Céphalées primaires Névralgie trijumeau
50%
Céphalées secondaires Pré-éclampsie
50%
Céphalées primaires SADAM
50%
Céphalées primaires AVF
25%
Céphalées primaires Céphalées chroniques quotidiennes
25%
Céphalées secondaires Dissection artérielle
25%
Céphalées secondaires Horton
25%
Céphalées primaires Sinusite chronique
25%
Céphalées primaires Céphalées occipitales
0%
Aucun quiz correspondant
Distribution des résultats
% des personnes avec chaque résultat
Percentile par nombre de réponses
Votre historique - résultats
Vous n’avez pas pris ce quiz